Dictionnaire de métallurgie

Wedi'i Gadw mewn:
Manylion Llyfryddiaeth
Prif Awdur: Olivier Bader
Fformat: Llyfr
Iaith:Undetermined
Cyhoeddwyd: Paris Eyrolles 1962
Pynciau:
Tagiau: Ychwanegu Tag
Dim Tagiau, Byddwch y cyntaf i dagio'r cofnod hwn!
Thư viện lưu trữ: Trung tâm Học liệu Trường Đại học Cần Thơ
LEADER 00484nam a2200181Ia 4500
001 CTU_26613
008 210402s9999 xx 000 0 und d
082 |a 669.03 
082 |b B133 
100 |a Olivier Bader 
245 0 |a Dictionnaire de métallurgie 
245 0 |c Olivier Bader 
260 |a Paris 
260 |b Eyrolles 
260 |c 1962 
650 |a metallurgy,technology - dictionaries 
904 |i Minh, 981015 
980 |a Trung tâm Học liệu Trường Đại học Cần Thơ